| Tag |
First Indicator |
Second Indicator |
Subfields |
| LEADER |
00000cam a2200000 a 4500 |
| 001 |
in00000823398 |
| 005 |
20151018120354.0 |
| 008 |
810811s1980 dcu b f00010 eng d |
| 010 |
|
|
|a gp 81011704
|
| 035 |
|
|
|a (OCoLC)07667906
|
| 035 |
|
|
|9 ADW3134AM
|
| 040 |
|
|
|a GPO
|c GPO
|d UtOrBLW
|
| 043 |
|
|
|a n-us---
|
| 074 |
|
|
|a 324
|
| 086 |
0 |
|
|a D 101.20:5-83 E/CM
|
| 110 |
1 |
|
|a United States.
|b Department of the Army.
|
| 245 |
1 |
0 |
|a Photo and layout specialist.
|
| 264 |
|
1 |
|a [Washington, D.C.] :
|b Headquarters, Dept. of the Army,
|c 1980.
|
| 300 |
|
|
|a 56 pages in various pagings ;
|c 26 cm.
|
| 336 |
|
|
|a text
|b txt
|2 rdacontent
|
| 337 |
|
|
|a unmediated
|b n
|2 rdamedia
|
| 338 |
|
|
|a volume
|b nc
|2 rdacarrier
|
| 490 |
1 |
|
|a FM ;
|v 5-83 E/CM
|
| 500 |
|
|
|a Cover title.
|
| 500 |
|
|
|a "Commander's manual."
|
| 500 |
|
|
|a "Prepared by the United States Army Engineer School"--P. iii.
|
| 504 |
|
|
|a Bibliography: p. A-1 - A-8.
|
| 500 |
|
|
|a "MOS 83E."
|
| 610 |
1 |
0 |
|a United States.
|b Army
|v Officers' handbooks.
|
| 650 |
|
0 |
|a Printing
|x Layout
|x Handbooks, manuals, etc.
|
| 650 |
|
0 |
|a Photolithography
|x Handbooks, manuals, etc.
|
| 710 |
2 |
|
|a U.S. Army Engineer School.
|
| 810 |
1 |
|
|a United States.
|b Department of the Army.
|t Field manual ;
|v FM 5-83 E/CM.
|
| 999 |
|
|
|a MARS
|
| 999 |
f |
f |
|s e5f6e2ba-10b3-3081-aafd-3230cde561d2
|i 88cc0ee4-cded-37e2-a935-4b6635619436
|t 0
|
| 952 |
f |
f |
|p normal
|a Texas A&M University
|b College Station
|c Sterling C. Evans Library
|d Evans: US Documents (Annex 5th floor)
|t 0
|e D 101.20: 5-83 E/CM
|h Superintendent of Documents classification
|i unmediated -- volume
|m A14815938516
|
| 998 |
f |
f |
|a D 101.20: 5-83 E/CM
|t 0
|l Evans: US Documents (Annex 5th floor)
|